Регионална библиотека "Любен Каравелов" - Русе

Коронация (Запис номер 106818)

MARC детайли
000 -Лидер
Контролно поле с фиксирана дължина 01573nam a2200361 c 4500
003 - Код на организацията, давaща контролен номер
Контролно поле BLK
005 - Дата и час на последна редакция
Контролно поле 20230811123718.0
008 - Елементи от данни с фиксирана дължина
fixed length control field 180409b bul|||||r ||||||| ||bul||
010 ## - Наследен системен номер
LC control number KNG00112083000
020 ## - Международен стандартен номер на книга ISBN
Международен стандартен номер на книга ISBN 954-9745-69-4
-- издат.: Еднорог
040 ## - Източник на каталожния запис
Идентификатор на билиотеката - собственик на записа BLK
041 ## - Код за език
Код за езика на текст/звукозапис или на отделно заглавие Руски
Код за езика КДБФ Български
080 ## - УДК
Текстов определител УДК Руска литература
УДК код - определител по УДК 821.161.1
УДК определител -312.4
УДК - код + определител 821.161.1-312.4
100 1# - Редна дума - Автор
Автор Акунин, Борис
Авторска отговорност първи автор
Автор - информация (биография) Чхартишвили, Григорий Шалвович
R(LIN) 29916
139 ## - Редно поле
Редна дума Акунин, Борис
Авторски знак Акт - А 45
245 10 - Сведения за заглавието
Заглавие Коронация
Подзаглавни данни Роман
Редно поле (дума) Борис Акунин; * Григорий Шалвович Чхартишвили; прев. София Азариева Бранц.
257 ## - Страна на издаване
Страна на създаване/издаване Русия
260 ## - Област на издателските данни
-- София
Име на издателя, разпространителя и проч. Еднорог
Година на издаване 2004
300 ## - Физическа характеристика
Страници 373 с.
Размери/Мащаб 20 см
380 ## - Жанр
Жанр Худож. лит.
490 1# - СЕРИИ (Колекции)
Име на серия Поредица Приключенията на Ераст Фандорин
500 ## - Общи забележки
Забележка Истинското име на авт. е Григорий Шалвович Чхартишвили. - Ориг. загл. Коронация / B. Akunin. - Офс. изд.
653 ## - Ключова дума – ненормативна
Ключова дума романи
653 ## - Ключова дума – ненормативна
Ключова дума Ераст Фандорин
700 1# - Други автори (авторска отговорност)
Лично име Чхартишвили, Григорий Шалвович
Автороска отговорност (Описва отношението между автора и произведението) *
9 (RLIN) 372450
700 1# - Други автори (авторска отговорност)
Лично име Бранц, София Азариева
Автороска отговорност (Описва отношението между автора и произведението) прев.
9 (RLIN) 364087
852 ## - Местоположение
Форматна сигнатура Цб 218830
856 4# - Електронен адрес и достъп
Електронен формат pdf - файл
Път до файла /url/
856 4# - Електронен адрес и достъп
Електронен формат pdf - файл
Път до файла /url/
942 ## - АРТИКУЛИ
Вид на библиотечния материал Книги
Скрит в OPAC Не
Koha issues (borrowed), all copies 6
944 ## - СЪЗДАВАНЕ И РЕДАКЦИЯ на ЗАПИСА
Създаване/Редакция Създаване
Дата на регистрацията/редакция 05.04.2004
Служител, извършил регистрацията/редакцията 30575
Статус, дата на статуса Мартин Енчев
944 ## - СЪЗДАВАНЕ И РЕДАКЦИЯ на ЗАПИСА
Създаване/Редакция Редакция
Дата на регистрацията/редакция 25.05.2010
Служител, извършил регистрацията/редакцията
999 ## - СИСТЕМНИ КОНТРОЛНИ НОМЕРА
Koha biblionumber 106818
Koha biblioitemnumber 106818
Наличности
Код за отписване Код за изгубен артикул Код за повреда Коз за рестрикции Код за отдаване Артикулен № Име на библиотеката - собственик Име на библиотеката, в която се намира в момента Статус (Текущо местоположение) Дата на вписване в системата Местоположение - отдел Цена в лева Инвентарен номер Систематично азбучна сигнатура Баркод Номер на екземпляра Цена в евро Служебна бележка Служебен тип на артикула Източник на класификационната схема
Изтеглен Не е изгубен Не е повреден без рестрикции заемане за дома 172458 Регионална библиотека "Любен Каравелов" Русе Регионална библиотека "Любен Каравелов" Русе Заемна - подръчен фонд 2004-04-05 Заемна - подръчен фонд 8.50 120000684280 П 882-31/А 45 120000684280 1 4.35 Дост: Pk Вид: Ф N: 11 Дата: 05.04.2004 Дата инв: 09.02.2018 Бележки инв: П2018 Книги  
Изтеглен Не е изгубен Не е повреден без рестрикции заемане за дома 172459 Регионална библиотека "Любен Каравелов" Русе Регионална библиотека "Любен Каравелов" Русе Заемна - подръчен фонд 2004-04-07 Заемна - подръчен фонд 8.50 120000684380 П 882-31/А 45 120000684380 2 4.35 Дост: Pk Вид: Ф N: 8869 Дата: 07.04.2004 Книги Universal Decimal Classification
  Не е изгубен Не е повреден без рестрикции ползва се в читалня 172460 Регионална библиотека "Любен Каравелов" Русе Регионална библиотека "Любен Каравелов" Русе Хранилище 2005-06-01 Хранилище 8.50 120000694641 Цб 218830 120000694641 3 4.35 Дост: Dp Вид: Д N: 29 Дата: 07.07.2004 Книги  
  Не е изгубен Не е повреден без рестрикции заемане за дома 172461 Регионална библиотека "Любен Каравелов" Русе Регионална библиотека "Любен Каравелов" Русе Заемна - подръчен фонд 2007-06-25 Заемна - подръчен фонд 8.50 120000714898 П 882-31/А 45 120000714898 4 4.35 Дост: Pk Вид: Ф N: 5889 Дата: 20.06.2007 Дата инв: 09.02.2018 Бележки инв: П2018 Книги  
Vip Innovations Ltd, Rousse, Bulgaria 2025